| 000 -LEADER | |
|---|---|
| fixed length control field | 00559nam a22001937a 4500 |
| 005 - DATE AND TIME OF LATEST TRANSACTION | |
| control field | 20200511111532.0 |
| 008 - FIXED-LENGTH DATA ELEMENTS--GENERAL INFORMATION | |
| fixed length control field | 200511b xxu||||| |||| 00| 0 eng d |
| 020 ## - INTERNATIONAL STANDARD BOOK NUMBER | |
| ISBN | 9789383794047 |
| 041 ## - LANGUAGE CODE | |
| Language code of text/sound track or separate title | eng |
| 082 ## - DEWEY DECIMAL CLASSIFICATION NUMBER | |
| Classification number | 610 |
| Item number | JUV |
| 100 ## - MAIN ENTRY--AUTHOR NAME | |
| Personal name | JUVEKAR, ARCHANA R |
| 245 ## - TITLE STATEMENT | |
| Title | Advances in Biomedical experimental; techniques in pharmacological assays |
| Statement of responsibility, etc | Archana,R , Juvekar |
| 250 ## - EDITION STATEMENT | |
| Edition statement | 1'st |
| 260 ## - PUBLICATION, DISTRIBUTION, ETC. (IMPRINT) | |
| Place of publication | New Delhi |
| Name of publisher | CBS Publisher and distributors |
| Year of publication | 2018 |
| 300 ## - PHYSICAL DESCRIPTION | |
| Number of Pages | 245 |
| 650 ## - SUBJECT ADDED ENTRY--TOPICAL TERM | |
| Topical Term | Pharmacy |
| 700 ## - ADDED ENTRY--PERSONAL NAME | |
| Personal name | Juvekar, Archana,R |
| 942 ## - ADDED ENTRY ELEMENTS (KOHA) | |
| Koha item type | Books |
| Lost status | Damaged status | Collection code | Home library | Current library | Shelving location | Date acquired | Source of acquisition | Cost, normal purchase price | Full call number | Accession Number | Koha item type |
|---|---|---|---|---|---|---|---|---|---|---|---|
| PHARMACY | JRU Library | Shelf - 21- G | 11/05/2020 | PURCHASE | 925.00 | 610 JUV | 23875 | Books |